000 00549nam a2200169Ia 4500
003 GCL
008 140319s9999 xx 000 0 ara d
040 _aGCL /
_cGCL
082 0 4 _a581
_bم ف
100 1 _aمحمد بن عمر بن عبدالله باصلاح
245 1 0 _aفسيولوجيا النمو والتميز العقلى /
_cمحمد بن عمر بن عبدالله باصلاح
490 _aكتاب
_v0
650 0 4 _aفسيولوجيا
650 0 4 _aالانتماء
650 0 4 _aفسيوبوجيا النبات
942 _2ddc
_cBK
999 _c42497
_d42497